[Event "SRB-chT 2nd League West"]
[Site "Kragujevac"]
[Date "2019.10.04"]
[Round "7.2"]
[White "Marinovic, Bozidar"]
[Black "Kahrovic, Mersid"]
[Result "1-0"]
[WhiteElo "2365"]
[BlackElo "2236"]
[PlyCount "81"]
[EventDate "2019.09.06"]
[EventType "team-tourn"]
[EventRounds "11"]
[EventCountry "SRB"]
[SourceTitle "EXT 2020"]
[Source "ChessBase"]
[SourceDate "2019.10.17"]
[SourceVersion "1"]
[SourceVersionDate "2019.10.17"]
[SourceQuality "1"]
[WhiteTeam "Krupanj"]
[BlackTeam "Prijepolje Priko"]
[WhiteTeamCountry "SRB"]
[BlackTeamCountry "SRB"]

1. e4 c6 2. d4 d5 3. exd5 cxd5 4. Bd3 Nc6 5. c3 Nf6 6. h3 g6 7. Nf3 Bg7 8. 0-0 0-0 9. Re1 Qb6 10. Qb3 Qc7 11. Bg5 e6 12. Nbd2 Bd7 13. a4 Rfe8 14. Ne5 h6 15. Bf4 Nh5 16. Bh2 Bxe5 17. Bxe5 Nxe5 18. dxe5 Rab8 19. Nf3 Bc6 20. Qb4 Qe7 21. Qd4 b6 22. g4 Ng7 23. Qe3 Kh7 24. Nd4 Rbc8 25. Re2 Bd7 26. Kg2 Rh8 27. f4 Kg8 28. Rf2 Re8 29. a5 Qc5 30. axb6 Qxb6 31. Ra6 Qb7 32. Nf3 Ra8 33. b4 h5 34. Qd4 hxg4 35. hxg4 Bb5 36. Bxb5 Qxb5 37. Rxa7 Rc8 38. Rfa2 Rc4 39. R2a5 Rxd4 40. Rxb5 Rxf4 41. Kg3 1-0

[Event "SRB-chT2 West"]
[Site "Arandjelovac"]
[Date "2018.10.04"]
[Round "6.6"]
[White "Kahrovic, Mersid"]
[Black "Begus, Drasko"]
[Result "1/2-1/2"]
[WhiteElo "2221"]
[BlackElo "2269"]
[PlyCount "83"]
[EventDate "2018.09.07"]
[EventType "team-tourn"]
[EventRounds "11"]
[EventCountry "SRB"]
[SourceTitle "EXT 2021"]
[Source "ChessBase"]
[SourceDate "2020.10.23"]
[SourceVersion "1"]
[SourceVersionDate "2020.10.23"]
[SourceQuality "1"]
[WhiteTeam "Prijepolje Priko"]
[BlackTeam "Krupanj"]
[WhiteTeamCountry "SRB"]
[BlackTeamCountry "SRB"]

1. e4 c5 2. Bc4 e6 3. Qe2 Nc6 4. Nf3 a6 5. d3 Be7 6. 0-0 Qc7 7. a3 Nf6 8. e5 Ng4 9. Re1 f6 10. exf6 Nd4 11. f7+ Kf8 12. Qd1 Nxf3+ 13. Qxf3 Qxh2+ 14. Kf1 Ne5 15. Qe4 Qh1+ 16. Ke2 Qh5+ 17. Kf1 Nxf7 18. Nc3 Qh1+ 19. Ke2 Qh4 20. Qf3 Qf6 21. Qh5 Qe5+ 22. Qxe5 Nxe5 23. Kf1 Nc6 24. Bf4 Nd4 25. Rac1 b5 26. Ba2 Bb7 27. Ne4 Bxe4 28. Rxe4 Kf7 29. c3 Nc6 30. Rce1 Nd8 31. Bc7 Rc8 32. Bg3 Bf6 33. f3 Re8 34. Kf2 Nb7 35. f4 Nd6 36. R4e2 h5 37. Kg1 a5 38. Rf1 g6 39. Be1 Rb8 40. Bf2 Nf5 41. Rc1 Rec8 42. Kh2 1/2-1/2

[Event "SRB-chT2 West"]
[Site "Kragujevac"]
[Date "2017.09.10"]
[Round "4.2"]
[White "Kahrovic, Mersid"]
[Black "Dimitrijevic, Milorad"]
[Result "1/2-1/2"]
[WhiteElo "2266"]
[BlackElo "2201"]
[PlyCount "20"]
[EventDate "2017.09.08"]
[EventType "team-tourn"]
[EventRounds "11"]
[EventCountry "SRB"]
[SourceTitle "EXT 2022"]
[Source "ChessBase"]
[SourceDate "2021.10.06"]
[SourceVersion "1"]
[SourceVersionDate "2021.10.06"]
[SourceQuality "1"]

1. c4 e5 2. Nc3 Nf6 3. g3 c5 4. Bg2 Nc6 5. Nd5 d6 6. d3 Be7 7. Bd2 Nxd5 8. cxd5 Nb8 9. e3 Nd7 10. Ne2 0-0 1/2-1/2

[Event "Staufer op 29th"]
[Site "Schwaebisch Gmuend"]
[Date "2017.01.04"]
[Round "6"]
[White "Kahrovic, Mersid"]
[Black "Schoenberger, Peter"]
[Result "1-0"]
[WhiteElo "2268"]
[BlackElo "2085"]
[PlyCount "73"]
[EventDate "2017.01.02"]
[EventType "swiss"]
[EventRounds "9"]
[EventCountry "GER"]
[SourceTitle "CBM 176 Extra"]
[Source "ChessBase"]
[SourceDate "2017.03.02"]
[SourceVersion "1"]
[SourceVersionDate "2017.03.02"]
[SourceQuality "1"]

1. c4 Nf6 2. Nc3 g6 3. e4 d6 4. d4 Bg7 5. f3 0-0 6. Be3 Nc6 7. Nge2 a6 8. Qd2 Rb8 9. Nc1 e5 10. d5 Nd4 11. Nb3 Nxb3 12. axb3 Bd7 13. b4 Nh5 14. Bd3 f5 15. 0-0-0 Nf4 16. Bc2 b5 17. c5 fxe4 18. Nxe4 Bf5 19. Kb1 Kh8 20. g4 Bxe4 21. Bxe4 Ra8 22. h4 Qb8 23. Kc2 a5 24. Ra1 axb4 25. Qxb4 c6 26. Bxf4 Rxf4 27. Qd2 cxd5 28. Qxd5 Ra4 29. Rxa4 bxa4 30. cxd6 Rf8 31. d7 Rd8 32. Rd1 Qb6 33. Rd2 Qf6 34. g5 Qe7 35. Qa5 Bf8 36. Qxa4 Kg7 37. Qc6 1-0

[Event "Staufer op 29th"]
[Site "Schwaebisch Gmuend"]
[Date "2017.01.03"]
[Round "4"]
[White "Kahrovic, Mersid"]
[Black "Womacka, Mathias"]
[Result "0-1"]
[WhiteElo "2268"]
[BlackElo "2435"]
[PlyCount "111"]
[EventDate "2017.01.02"]
[EventType "swiss"]
[EventRounds "9"]
[EventCountry "GER"]
[SourceTitle "CBM 176 Extra"]
[Source "ChessBase"]
[SourceDate "2017.03.02"]
[SourceVersion "1"]
[SourceVersionDate "2017.03.02"]
[SourceQuality "1"]

1. c4 c5 2. Nc3 Nf6 3. e4 Nc6 4. g3 e6 5. Bg2 d5 6. exd5 exd5 7. Nxd5 Nxd5 8. Bxd5 Nb4 9. Be4 Be7 10. Qf3 f5 11. Bb1 Bd7 12. Qe3 0-0 13. Ne2 Bf6 14. 0-0 Qb6 15. Nc3 Rae8 16. Qf3 Qd6 17. a3 Nc6 18. Qd5+ Qxd5 19. cxd5 Nd4 20. Ba2 f4 21. d3 fxg3 22. hxg3 Bh3 23. Bf4 Bxf1 24. Kxf1 Kh8 25. Bd6 Rf7 26. Bxc5 b6 27. d6 Rd7 28. Bxd4 Bxd4 29. Nb5 Bxb2 30. Rb1 Bf6 31. Bd5 Rdd8 32. d7 Rxd7 33. Bc6 Red8 34. Bxd7 Rxd7 35. Rc1 a6 36. Rc8+ Rd8 37. Rxd8+ Bxd8 38. Nd4 b5 39. Nc6 Bc7 40. Ke2 Kg8 41. d4 Bd6 42. Nb4 a5 43. Nc2 Kf7 44. Kd3 h5 45. Ke4 Kf6 46. Kd5 Ke7 47. Ke4 Kf6 48. Kd5 Ke7 49. Kc6 b4 50. axb4 axb4 51. Ne3 b3 52. Nc4 g5 53. Kd5 h4 54. gxh4 gxh4 55. Ke4 h3 56. Kf3 0-1

[Event "SRB-chT2 West CS"]
[Site "Serbia"]
[Date "2016.10.07"]
[Round "8.2"]
[White "Nestorovic, Lazar"]
[Black "Kahrovic, Mersid"]
[Result "1-0"]
[WhiteElo "2374"]
[BlackElo "2296"]
[PlyCount "71"]
[EventDate "2016.09.04"]
[EventType "team-tourn"]
[EventRounds "11"]
[EventCountry "SRB"]
[SourceTitle "EXT 2018"]
[Source "ChessBase"]
[SourceDate "2017.10.13"]
[SourceVersion "1"]
[SourceVersionDate "2017.10.13"]
[SourceQuality "1"]

1. e4 c6 2. d4 d5 3. e5 c5 4. dxc5 Qa5+ 5. c3 Qxc5 6. Bf4 e6 7. Nd2 Ne7 8. Ngf3 Bd7 9. Bd3 h6 10. 0-0 Nbc6 11. c4 g5 12. Be3 Qa5 13. cxd5 Nxd5 14. Nc4 Qc7 15. Be4 g4 16. Bxd5 exd5 17. Nd6+ Bxd6 18. exd6 Qxd6 19. Nd4 Ne7 20. Qd2 Kf8 21. Bf4 Qb6 22. Rfe1 Re8 23. Rac1 Ng8 24. Rxe8+ Kxe8 25. Bc7 Qa6 26. Qf4 f6 27. Re1+ Kf8 28. Bd8 Rh7 29. Qb8 Kg7 30. Be7 Rh8 31. Qc7 Qa4 32. Bb4 Kg6 33. a3 Rh7 34. Qxb7 Be6 35. Qb8 Bf7 36. Qc8 1-0

[Event "SRB-chT Cup"]
[Site "Kragujevac"]
[Date "2016.04.23"]
[Round "5.5"]
[White "Ugrenovic, Bozidar"]
[Black "Kahrovic, Mersid"]
[Result "1-0"]
[WhiteElo "2192"]
[BlackElo "2301"]
[PlyCount "89"]
[EventDate "2016.04.20"]
[EventType "team-swiss"]
[EventRounds "7"]
[EventCountry "SRB"]
[SourceTitle "CBM 172 Extra"]
[Source "ChessBase"]
[SourceDate "2016.06.21"]
[SourceVersion "1"]
[SourceVersionDate "2016.06.21"]
[SourceQuality "1"]
[WhiteTeam "Velika Plana Morava"]
[BlackTeam "Prijepolje Priko"]
[WhiteTeamCountry "SRB"]
[BlackTeamCountry "SRB"]

1. Nf3 c5 2. c4 g6 3. d4 cxd4 4. Nxd4 Bg7 5. e4 d6 6. Nc3 Nf6 7. Be2 0-0 8. Be3 Nc6 9. 0-0 Bd7 10. Qd2 Re8 11. Rfd1 Qc8 12. f3 h5 13. Rac1 Kh7 14. Ndb5 a6 15. Na3 Be6 16. Nd5 Nd7 17. Nb1 f5 18. Nbc3 Nce5 19. b3 Rb8 20. Nf4 Nf6 21. exf5 Bxf5 22. Ncd5 Nf7 23. Ba7 Ra8 24. Be3 Rb8 25. Nb6 Qc6 26. Bd3 e6 27. Be2 Bh6 28. Na4 Rbd8 29. Nc3 g5 30. Nd3 Rg8 31. Nf2 g4 32. fxg4 hxg4 33. Nh1 Rg6 34. Ng3 Bxe3+ 35. Qxe3 Re8 36. Rf1 Nh6 37. Rf2 Qc7 38. Bd3 Qa5 39. Qd2 Qc5 40. Re1 Bxd3 41. Qxd3 d5 42. cxd5 Nhg8 43. dxe6 Ne7 44. Nce4 Nxe4 45. Nxe4 1-0

[Event "Oberliga Wuerttemberg 1516"]
[Site "Wuerttemberg"]
[Date "2016.01.17"]
[Round "5.4"]
[White "Roemer, Ulrich"]
[Black "Kahrovic, Mersid"]
[Result "1/2-1/2"]
[WhiteElo "2134"]
[BlackElo "2271"]
[PlyCount "33"]
[EventDate "2015.09.20"]
[EventType "team-tourn"]
[EventRounds "9"]
[EventCountry "GER"]
[SourceTitle "EXT 2019"]
[Source "ChessBase"]
[SourceDate "2018.10.10"]
[SourceVersion "1"]
[SourceVersionDate "2018.10.10"]
[SourceQuality "1"]
[WhiteTeam "Jedesheim"]
[BlackTeam "Schwaebisch Gmuend"]
[WhiteTeamCountry "GER"]
[BlackTeamCountry "GER"]

1. d4 Nf6 2. Nf3 e6 3. e3 d5 4. Bd3 c5 5. b3 Nc6 6. 0-0 Be7 7. Bb2 0-0 8. c4 cxd4 9. exd4 Nb4 10. Be2 b6 11. Nc3 Bb7 12. a3 Nc6 13. Bd3 Rc8 14. Re1 dxc4 15. bxc4 Na5 16. Ne5 Ba6 17. d5 1/2-1/2

[Event "Staufer op-A 28th"]
[Site "Schwaebisch Gmuend"]
[Date "2016.01.05"]
[Round "8"]
[White "Kahrovic, Mersid"]
[Black "Jansen, Dirk Norbert"]
[Result "1-0"]
[WhiteElo "2306"]
[BlackElo "2174"]
[PlyCount "60"]
[EventDate "2016.01.02"]
[EventType "swiss"]
[EventRounds "9"]
[EventCountry "GER"]
[SourceTitle "CBM 170 Extra"]
[Source "ChessBase"]
[SourceDate "2016.02.25"]
[SourceVersion "1"]
[SourceVersionDate "2016.02.25"]
[SourceQuality "1"]

1. e4 e6 2. Qe2 Be7 3. f4 d5 4. d3 Nf6 5. Nf3 c5 6. g3 Nc6 7. Bg2 0-0 8. 0-0 b5 9. c3 Qb6 10. e5 Nd7 11. Rd1 c4+ 12. d4 b4 13. cxb4 Qxb4 14. Nc3 Rb8 15. Bh3 Qb6 16. Rb1 Bb4 17. Bd2 Ba6 18. Qf2 Bxc3 19. Bxc3 Nb4 20. a3 Nd3 21. Qe3 Qc6 22. f5 exf5 23. Bxf5 Nb6 24. b3 g6 25. Bxd3 cxd3 26. Bb4 Rfe8 27. Qh6 f6 28. Rbc1 Qe6 29. Rc7 Nd7 30. exf6 Qxf6 1-0

[Event "SRB-chT 1st League"]
[Site "Kragujevac"]
[Date "2015.09.13"]
[Round "11.1"]
[White "Kahrovic, Mersid"]
[Black "Baralic, Milan"]
[Result "1-0"]
[WhiteElo "2275"]
[BlackElo "2195"]
[PlyCount "53"]
[EventDate "2015.09.05"]
[EventType "team-tourn"]
[EventRounds "11"]
[EventCountry "SRB"]
[SourceTitle "EXT 2016"]
[Source "ChessBase"]
[SourceDate "2015.10.08"]
[SourceVersion "1"]
[SourceVersionDate "2015.10.08"]
[SourceQuality "1"]
[WhiteTeam "Prijepolje Priko"]
[BlackTeam "Lucani Mladost"]
[WhiteTeamCountry "SRB"]
[BlackTeamCountry "SRB"]

1. c4 Nf6 2. Nc3 c5 3. e4 d6 4. h3 g6 5. Nf3 Nc6 6. d3 Bg7 7. Be3 0-0 8. Be2 Ne8 9. Qd2 Nc7 10. 0-0 Ne6 11. Bh6 b5 12. cxb5 Ncd4 13. Bxg7 Kxg7 14. Bd1 a6 15. bxa6 Bxa6 16. Re1 Nxf3+ 17. Bxf3 Nc7 18. d4 cxd4 19. Qxd4+ Kg8 20. Nd5 Nxd5 21. exd5 Re8 22. a4 Rc8 23. b4 Rc4 24. Qa7 Qa8 25. Qxa8 Rxa8 26. b5 Bb7 27. Rxe7 1-0

[Event "SRB-chT 1st League"]
[Site "Kragujevac"]
[Date "2015.09.12"]
[Round "10.6"]
[White "Sorgic, Dragan"]
[Black "Kahrovic, Mersid"]
[Result "0-1"]
[WhiteElo "2215"]
[BlackElo "2275"]
[PlyCount "77"]
[EventDate "2015.09.05"]
[EventType "team-tourn"]
[EventRounds "11"]
[EventCountry "SRB"]
[SourceTitle "EXT 2016"]
[Source "ChessBase"]
[SourceDate "2015.10.08"]
[SourceVersion "1"]
[SourceVersionDate "2015.10.08"]
[SourceQuality "1"]
[WhiteTeam "Arandjelovac"]
[BlackTeam "Prijepolje Priko"]
[WhiteTeamCountry "SRB"]
[BlackTeamCountry "SRB"]

1. e4 c6 2. d4 d5 3. Nc3 dxe4 4. Nxe4 Bf5 5. Ng3 Bg6 6. Nf3 e6 7. h4 h6 8. Ne5 Bh7 9. Qh5 Qe7 10. Bd3 Bxd3 11. Nxd3 Nf6 12. Qe2 Nbd7 13. Bd2 0-0-0 14. 0-0-0 Nb6 15. c3 Qc7 16. Kb1 Bd6 17. Ne5 Bxe5 18. dxe5 Nfd7 19. f4 Kb8 20. h5 Na4 21. Ne4 Qb6 22. Be3 Ndc5 23. Qc2 Rxd1+ 24. Rxd1 Qxb2+ 25. Qxb2 Nxb2 26. Bxc5 Nxd1 27. Kc2 Nxc3 28. Kxc3 b6 29. Be3 Kc7 30. g4 g6 31. Nf6 Kd8 32. Kd3 Ke7 33. Ke4 c5 34. f5 g5 35. Bd2 Rd8 36. Ke3 Rd4 37. Ne4 Ra4 38. f6+ Kf8 39. Ke2 0-1

[Event "SRB-chT 1st League"]
[Site "Kragujevac"]
[Date "2015.09.06"]
[Round "3.5"]
[White "Kahrovic, Mersid"]
[Black "Livaja, Mario"]
[Result "1-0"]
[WhiteElo "2275"]
[BlackElo "2246"]
[PlyCount "63"]
[EventDate "2015.09.05"]
[EventType "team-tourn"]
[EventRounds "11"]
[EventCountry "SRB"]
[SourceTitle "EXT 2016"]
[Source "ChessBase"]
[SourceDate "2015.10.08"]
[SourceVersion "1"]
[SourceVersionDate "2015.10.08"]
[SourceQuality "1"]
[WhiteTeam "Prijepolje Priko"]
[BlackTeam "Nis Svitanja"]
[WhiteTeamCountry "SRB"]
[BlackTeamCountry "SRB"]

1. c4 Nf6 2. Nc3 g6 3. e4 d6 4. d4 Bg7 5. f3 0-0 6. Be3 Nbd7 7. Qd2 c5 8. Nge2 cxd4 9. Nxd4 Ne5 10. Be2 Bd7 11. Rc1 Rc8 12. b3 Re8 13. 0-0 a6 14. Rfd1 h5 15. Nd5 Nc6 16. Nxc6 Bxc6 17. Nb6 Rb8 18. a4 Nd7 19. a5 Kh7 20. Nd5 Nc5 21. Qa2 e5 22. b4 Ne6 23. Ba7 Ra8 24. Bb6 Qd7 25. Nc3 Nd4 26. b5 axb5 27. cxb5 Nxb5 28. Nxb5 Bxb5 29. Rc7 Bxe2 30. Rxd7 Bxd1 31. Qxf7 Rg8 32. Rxd6 1-0

[Event "SRB-chT2 West"]
[Site "Sabac"]
[Date "2014.09.27"]
[Round "4.6"]
[White "Kahrovic, Mersid"]
[Black "Irizanin, Radoje"]
[Result "1-0"]
[WhiteElo "2281"]
[BlackElo "2330"]
[PlyCount "145"]
[EventDate "2014.09.25"]
[EventType "team-swiss"]
[EventRounds "6"]
[EventCountry "SRB"]
[SourceTitle "EXT 2015"]
[Source "ChessBase"]
[SourceDate "2014.11.20"]
[SourceVersion "1"]
[SourceVersionDate "2014.11.20"]
[SourceQuality "1"]

1. e4 c5 2. Nf3 Nc6 3. Nc3 g6 4. Bc4 Bg7 5. 0-0 e6 6. d3 Nge7 7. Re1 d6 8. Bd2 a6 9. a4 0-0 10. Qc1 d5 11. Ba2 d4 12. Ne2 e5 13. h3 Kh8 14. Ng5 Qe8 15. f4 Ng8 16. Ng3 f6 17. Nf3 exf4 18. Bxf4 Ne5 19. Nxe5 fxe5 20. Bd2 Be6 21. Bxe6 Qxe6 22. b3 Rf7 23. Rf1 Raf8 24. Qa3 Qe7 25. Rxf7 Rxf7 26. Rf1 Bf8 27. Qc1 Kg7 28. Qd1 h5 29. Rxf7+ Qxf7 30. a5 Ne7 31. Nh1 Nc6 32. g4 h4 33. Kg2 Be7 34. g5 Kf8 35. Qg4 Qh7 36. Nf2 Ke8 37. Qc8+ Nd8 38. Qc7 Qf7 39. Qxe5 Kd7 40. Ng4 Bd6 41. Qh8 Bg3 42. Nf6+ Kc8 43. Qh7 Qxh7 44. Nxh7 Nc6 45. Nf8 Ne7 46. Ne6 Bd6 47. Kf3 Kd7 48. Nf4 Bxf4 49. Kxf4 Nc6 50. Be1 Ke6 51. Kf3 Ke5 52. Kg4 Ke6 53. Kxh4 Ne5 54. Kg3 Nf7 55. h4 Ne5 56. Bd2 Nc6 57. Kf4 Ne5 58. Bc1 Nc6 59. Bd2 Ne5 60. Kg3 Nc6 61. h5 gxh5 62. Kh4 Kf7 63. Kxh5 Kg7 64. g6 Ne5 65. Bh6+ Kf6 66. g7 Kf7 67. Bf4 Nc6 68. Kh6 Kg8 69. Bc7 Nb4 70. e5 Nxc2 71. e6 Ne3 72. Kg6 Nd5 73. Bd6 1-0

[Event "SRB-chT2 West"]
[Site "Sabac"]
[Date "2014.09.26"]
[Round "3.4"]
[White "Brkljaca, Ante"]
[Black "Kahrovic, Mersid"]
[Result "1-0"]
[WhiteElo "2315"]
[BlackElo "2281"]
[PlyCount "115"]
[EventDate "2014.09.25"]
[EventType "team-swiss"]
[EventRounds "6"]
[EventCountry "SRB"]
[SourceTitle "EXT 2015"]
[Source "ChessBase"]
[SourceDate "2014.11.20"]
[SourceVersion "1"]
[SourceVersionDate "2014.11.20"]
[SourceQuality "1"]

1. d4 Nf6 2. Nf3 d5 3. c4 e6 4. Nc3 Be7 5. Bg5 0-0 6. e3 c6 7. Rc1 Nbd7 8. Bd3 dxc4 9. Bxc4 Nd5 10. Bxe7 Qxe7 11. Ne4 Qb4+ 12. Qd2 Qxd2+ 13. Kxd2 N7b6 14. Bb3 Rd8 15. Rhd1 Nf6 16. Ng3 Bd7 17. e4 Be8 18. h3 Rac8 19. Ke3 Kf8 20. Ne5 Nbd7 21. Nd3 Ke7 22. Rc3 Nf8 23. Rdc1 Bd7 24. f4 Ng6 25. Nc5 Rb8 26. e5 Nd5+ 27. Bxd5 exd5 28. Nxd7 Kxd7 29. Nf5 Rg8 30. b4 a6 31. a4 f6 32. b5 axb5 33. axb5 fxe5 34. fxe5 Ke6 35. g4 Ne7 36. Nxe7 Kxe7 37. bxc6 bxc6 38. Rxc6 Rb3+ 39. R1c3 Rxc3+ 40. Rxc3 Ra8 41. Rb3 Ra4 42. h4 Ke6 43. Rb6+ Kf7 44. Rd6 Ra5 45. Kf4 Ke7 46. h5 Rb5 47. Kf5 Ra5 48. g5 Ra1 49. Rxd5 Rf1+ 50. Ke4 Re1+ 51. Kf4 Rf1+ 52. Ke3 Rf5 53. h6 Rxg5 54. hxg7 Rxg7 55. Ra5 Ke6 56. Ra6+ Kf5 57. Rf6+ Kg5 58. Rf1 1-0

[Event "Sarajevo Bosna op-B 44th"]
[Site "Sarajevo"]
[Date "2014.06.03"]
[Round "6"]
[White "Unuk, Laura"]
[Black "Kahrovic, Mersid"]
[Result "1-0"]
[WhiteElo "2101"]
[BlackElo "2284"]
[PlyCount "163"]
[EventDate "2014.05.30"]
[EventType "swiss"]
[EventRounds "9"]
[EventCountry "BIH"]
[SourceTitle "CBM 160 Extra"]
[Source "ChessBase"]
[SourceDate "2014.07.01"]
[SourceVersion "1"]
[SourceVersionDate "2014.07.01"]
[SourceQuality "1"]

1. d4 Nf6 2. c4 e6 3. Nf3 b6 4. g3 Bb7 5. Bg2 Be7 6. 0-0 0-0 7. Nc3 d6 8. Qc2 Nbd7 9. Rd1 c6 10. e4 Qc7 11. Nh4 Rfe8 12. f4 g6 13. e5 Nh5 14. Qe4 d5 15. cxd5 exd5 16. Qf3 Ng7 17. f5 Bxh4 18. fxg6 fxg6 19. gxh4 Rf8 20. Qg4 Rf5 21. Be3 Raf8 22. Rac1 Qd8 23. Ne2 Qe8 24. Ng3 h5 25. Qe2 R5f7 26. Bh3 Ne6 27. Qc2 Kh7 28. Rf1 Kg7 29. Qg2 Rxf1+ 30. Rxf1 Rxf1+ 31. Qxf1 Qf7 32. Bh6+ Kg8 33. Nxh5 c5 34. Nf4 Nxf4 35. Bxf4 Nf8 36. Be3 cxd4 37. Bxd4 Qxf1+ 38. Kxf1 Kf7 39. Kf2 Bc6 40. Ke3 Bd7 41. Bxd7 Nxd7 42. b4 Nf8 43. a4 Ne6 44. a5 bxa5 45. bxa5 a6 46. Bb6 Kg7 47. Kf3 Kf7 48. Kg4 d4 49. Kf3 d3 50. Ke3 Nf4 51. Kd2 Ke6 52. Be3 Nd5 53. Kxd3 Kxe5 54. Bd2 Kd6 55. Ke4 Ke6 56. Be1 Nf6+ 57. Kf4 Nh7 58. Bc3 Kd5 59. Bg7 Ke6 60. Kg4 Kf7 61. Bc3 Ke6 62. Bb2 Nf8 63. Kg5 Kf7 64. h5 Ne6+ 65. Kh6 gxh5 66. Kxh5 Nf4+ 67. Kg5 Nd3 68. Bc3 Nf2 69. Kf5 Nd3 70. h4 Nc5 71. Ke5 Kg6 72. Kd5 Nb3 73. Kc4 Nc1 74. Kc5 Kh5 75. Bf6 Nd3+ 76. Kb6 Nb4 77. Bd8 Kg4 78. Kb7 Kh5 79. Bg5 Kg4 80. Bd2 Nd3 81. Kxa6 Kxh4 82. Kb5 1-0

[Event "Sarajevo Bosna op-B 44th"]
[Site "Sarajevo"]
[Date "2014.05.31"]
[Round "2"]
[White "Kahrovic, Mersid"]
[Black "Kajevic, Dzevad"]
[Result "1-0"]
[WhiteElo "2284"]
[BlackElo "2087"]
[PlyCount "75"]
[EventDate "2014.05.30"]
[EventType "swiss"]
[EventRounds "9"]
[EventCountry "BIH"]
[SourceTitle "CBM 160 Extra"]
[Source "ChessBase"]
[SourceDate "2014.07.01"]
[SourceVersion "1"]
[SourceVersionDate "2014.07.01"]
[SourceQuality "1"]

1. c4 c5 2. Nc3 Nc6 3. g3 e6 4. Bg2 Nf6 5. e4 a6 6. Nge2 Be7 7. 0-0 d6 8. d4 cxd4 9. Nxd4 Bd7 10. Nc2 Rc8 11. b3 Qc7 12. Bb2 h5 13. h3 Rd8 14. Qd2 Bc8 15. Ne3 g5 16. Ne2 Rg8 17. Rac1 b6 18. Nd5 exd5 19. cxd5 Bd7 20. Nd4 b5 21. Nxc6 Bxc6 22. Rxc6 Qb7 23. Rfc1 Nd7 24. Qe2 g4 25. hxg4 hxg4 26. e5 Kf8 27. exd6 Bg5 28. Re1 Rg6 29. Bd4 Qb8 30. Qxg4 Bf6 31. Qe4 Kg7 32. Rc7 Nf8 33. Ba7 Qa8 34. Qe7 Bxe7 35. dxe7 Re8 36. d6 Ne6 37. Bxa8 Nxc7 38. dxc7 1-0

[Event "Staufer op 26th"]
[Site "Schwaebisch Gmuend"]
[Date "2014.01.05"]
[Round "8"]
[White "Kahrovic, Mersid"]
[Black "Schackmann, Oliver"]
[Result "1/2-1/2"]
[WhiteElo "2275"]
[BlackElo "1928"]
[PlyCount "62"]
[EventDate "2014.01.02"]
[EventType "swiss"]
[EventRounds "9"]
[EventCountry "GER"]
[SourceTitle "CBM 158 Extra"]
[Source "ChessBase"]
[SourceDate "2014.02.28"]
[SourceVersion "1"]
[SourceVersionDate "2014.02.28"]
[SourceQuality "1"]

1. e4 e5 2. Bc4 Nf6 3. Qe2 Nc6 4. Nf3 Be7 5. c3 0-0 6. d3 d6 7. Nbd2 h6 8. Nf1 Re8 9. Ng3 a6 10. h3 Na5 11. a3 Nxc4 12. dxc4 Bf8 13. 0-0 b6 14. Rd1 Qd7 15. b3 Bb7 16. Bb2 Qc6 17. Nd2 g6 18. a4 a5 19. Re1 Bg7 20. b4 Qd7 21. b5 Qe6 22. Qd3 Nd7 23. Rad1 Rf8 24. Ngf1 f5 25. Ne3 Nc5 26. Qc2 fxe4 27. Ba3 Nd3 28. Re2 Nf4 29. Ree1 Nd3 30. Re2 Nf4 31. Ree1 Nd3 1/2-1/2

[Event "Staufer op 26th"]
[Site "Schwaebisch Gmuend"]
[Date "2014.01.04"]
[Round "6"]
[White "Starostits, Ilmars"]
[Black "Kahrovic, Mersid"]
[Result "1-0"]
[WhiteElo "2458"]
[BlackElo "2275"]
[PlyCount "30"]
[EventDate "2014.01.02"]
[EventType "swiss"]
[EventRounds "9"]
[EventCountry "GER"]
[SourceTitle "CBM 158 Extra"]
[Source "ChessBase"]
[SourceDate "2014.02.28"]
[SourceVersion "1"]
[SourceVersionDate "2014.02.28"]
[SourceQuality "1"]

1. e4 e6 2. d4 b6 3. Nc3 Bb7 4. Bd3 Nf6 5. Nge2 d6 6. 0-0 Nbd7 7. Ng3 a6 8. f4 c5 9. d5 Qc7 10. dxe6 fxe6 11. Bc4 e5 12. a4 exf4 13. Bxf4 Ne5 14. Bxe5 dxe5 15. Rxf6 gxf6 1-0

[Event "Staufer op 26th"]
[Site "Schwaebisch Gmuend"]
[Date "2014.01.03"]
[Round "4"]
[White "Schmidt, Martin5555"]
[Black "Kahrovic, Mersid"]
[Result "0-1"]
[WhiteElo "2076"]
[BlackElo "2275"]
[PlyCount "98"]
[EventDate "2014.01.02"]
[EventType "swiss"]
[EventRounds "9"]
[EventCountry "GER"]
[SourceTitle "CBM 158 Extra"]
[Source "ChessBase"]
[SourceDate "2014.02.28"]
[SourceVersion "1"]
[SourceVersionDate "2014.02.28"]
[SourceQuality "1"]

1. e4 e5 2. Nf3 d6 3. d4 exd4 4. Nxd4 Nf6 5. Nc3 Be7 6. Bd3 a6 7. a4 Nc6 8. Nxc6 bxc6 9. 0-0 0-0 10. a5 Re8 11. Ne2 Bf8 12. Ng3 Ng4 13. h3 Ne5 14. Be2 c5 15. Bd2 Bb7 16. Bc3 Qh4 17. Kh2 Ng6 18. Bf3 Qg5 19. Re1 Nh4 20. Bg4 g6 21. Qd2 Bh6 22. Qxg5 Bxg5 23. Rad1 h5 24. Bd7 Rf8 25. Ba4 f5 26. Bb3+ Kh7 27. exf5 Nxf5 28. Nxf5 Rxf5 29. f3 Rd8 30. Bd2 Bh4 31. Re2 d5 32. Be1 Bf6 33. c3 c4 34. Bc2 Re5 35. Rxe5 Bxe5+ 36. Bg3 Re8 37. Bxe5 Rxe5 38. Rd2 Re1 39. Kg3 Kg7 40. Bd1 Kf6 41. Kf2 Re6 42. Ba4 c5 43. h4 Rd6 44. Ke3 Bc8 45. g3 Bf5 46. b3 d4+ 47. cxd4 c3 48. Rd1 cxd4+ 49. Kf4 c2 0-1

[Event "SRB-chT Central"]
[Site "Kragujevac"]
[Date "2013.09.15"]
[Round "3.3"]
[White "Mladenovic, Stefan S"]
[Black "Kahrovic, Mersid"]
[Result "1-0"]
[WhiteElo "2274"]
[BlackElo "2298"]
[PlyCount "63"]
[EventDate "2013.09.14"]
[EventType "team-tourn"]
[EventRounds "11"]
[EventCountry "SRB"]
[SourceTitle "CBM 156 Extra"]
[Source "ChessBase"]
[SourceDate "2013.10.22"]
[SourceVersion "1"]
[SourceVersionDate "2013.10.22"]
[SourceQuality "1"]
[WhiteTeam "Paracin"]
[BlackTeam "Prijepolje Priko"]
[WhiteTeamCountry "SRB"]
[BlackTeamCountry "SRB"]

1. d4 Nf6 2. Nf3 e6 3. c4 d5 4. Nc3 c6 5. Qb3 Bd6 6. Bg5 h6 7. Bh4 dxc4 8. Qxc4 Nbd7 9. e4 Be7 10. Rd1 Qa5 11. Bd3 Qb4 12. Qxb4 Bxb4 13. 0-0 b6 14. e5 Nd5 15. Nxd5 cxd5 16. Rc1 g5 17. Bg3 Kd8 18. h4 g4 19. Nh2 h5 20. Rc2 Rg8 21. f3 gxf3 22. Rxf3 Be7 23. Be1 f5 24. Rg3 Rg4 25. Nxg4 hxg4 26. Re3 Nf8 27. Be2 Bd7 28. g3 a6 29. Rc1 Ra7 30. Rb3 b5 31. Ba5+ Ke8 32. Rbc3 1-0